000 00836nam a2200241 i 4500
001 bg
100 1 _aMIZERA, Jan
245 1 0 _aKorozja i zabezpieczenia antykorozyjne obiektów ochrony środowiska /
_cJan Mizera.
260 _aOpole :
_bWSI,
_c1995.
300 _a166 s. :
_bfot., rys. ;
_c24 cm.
490 1 _aSkrypt Uczelniany / Wyższa Szkoła Inżynierska w Opolu,
_x0860-9004 ;
_vnr 173
504 _aBibliogr. s. 165-166.
650 9 _aKorozja i erozja
_xzapobieganie
650 9 _aMateriały budowlane
_xochrona
650 9 _aTechnika sanitarna
_xzagadnienia
655 _aPodręczniki akademickie
830 0 _aSkrypt Uczelniany (Wyższa Szkoła Inżynierska w Opolu) ;
_vnr 173
040 _cBPK
041 0 _apl
080 _a628.1/.3:691:620.193](075.8)
942 _cKS
008 s pl f |000 0 pol
999 _c24380
_d24380
856 _uhttp://koha.tu.koszalin.pl/cgi-bin/koha/opac-detail.pl?biblionumber=24380
_yKatalog online BPK